000 00803nam a2200205 4500
010 _aA-808603
020 _a8185636257
035 _aA-808603
037 _bCen Lib / Ret
040 _aDPL
_bEN
082 _a181.4
_bDUB
245 _aFacets of recent Indian philosophy /
_cedited by S. P. Dubey
260 _aNew Delhi
_bIndian Council of Philosophical Research
_c1996
270 _a210, Deen Dayal Upadhyaya Marg
_bNew Delhi
_e110002
300 _a(v 2. xxii, 283)
_b24cm(Hb)
505 _a4 v. ; v 1 The metaphysics of the spirit. (not available) ; v 2. Indian philosophy and history ; v 3Problems of Indian philosophy.(not available) V. 4 The philosophy of life.(not available)
650 _aPhilosophy, Indic.
700 _aDubey, S. P.
942 _2ddc
_cEN
_h181.4
_mDUB
999 _c136708
_d136708